Saksan naapurimaat - Äkkikuolema - Statistics

Yleistilastot
  • Tätä visaa on pelattu 1 185 kertaa
  • Keskiarvotulos 6 / 9
Answers on the Grid
Answers color-coded by a green-red scale on the quiz's grid according to % correct below.
Tšekki
Itävalta
Alankomaat
Belgia
Luxemburg
Ranska
Sveitsi
Puola
Tanska
Ruotsi
Italia
Espanja
Kroatia
Unkari
Venäjä
Ukraina
Yhdistynyt kuningaskunta
Liechtenstein
Slovenia
Slovakia
 
Vastaustilastot
Vastaus % Oikein
Puola
78%
Ranska
72%
Itävalta
69%
Sveitsi
69%
Tanska
69%
Belgia
68%
Alankomaat
65%
Luxemburg
63%
Tšekki
63%
Ehtoja vastaavia visoja ei löytynyt
Tulosjakauma
Jokaisen tuloksen saaneiden osuus
Persentiili vastausten määrän mukaan
Tuloshistoriasi
Et ole pelannut tätä visaa